Statistiques concernant Pays européens avec le moins de visiteurs de nuit

Cliquez ici pour prendre le quiz!

Statistiques générales

  • Ce quiz a été pris 221 fois
    (154 depuis la dernière actualisation)
  • Le résultat moyen est 7 sur 10

Statistiques - réponses

VisiteursPays% Correct
9,597Kosovo
80%
très peuVatican
75%
145,000Moldavie
74%
1,046,000Luxembourg
71%
355,000Monaco
71%
79,000Liechtenstein
69%
78,000Saint-Marin
69%
631,000Macédoine du Nord
65%
922,000Bosnie-Herzégovine
48%
1,497,000Serbie
44%

Distribution des résultats

Percentile par nombre de réponses

% des personnes avec chaque résultat

Votre développement - résultats

Vous n’avez pas pris ce quiz depuis la dernière actualisation